00660nam a22002057a 450000500170000001000120001702000260002903700080005508200140006310000280007724501010010525000060020626000450021227000670025730000200032470000320034470000340037694200250041099900190043520260305103743.0 aBACEN26 a9789361036026c499.00 aBWP 21a006.35 aPulari, Sini Raj988065 aNatural Language Processsing/cby Sini Raj Pulari, Umadevi Maramreddy {and} Shriram K. Vasudevan a1 aNew DelhibOxford University Pressc2025 a22 Workspace, 2nd Floor, 1/22 asaf Ali RoadbNew Delhie110002 a244p.c25cm(Pb) aMaramreddy, Umadevi 987745 aVasudevan, Shriram K. 988066 2ddccENh006.35mPUL c215159d215159